Co to za utwór? - Statystyki

Ogólne statystyki
  • Ten quiz został rozwiązany 129 razy
  • Średni wynik to 11 z 22
Statystyki odpowiedzi
Wykonawca Podpowiedź Tytuł % Poprawnych
Zbigniew Wodecki Pasiasta przyjaciółka z ula Pszczółka Maja
92%
Sławomir Uczucie w zimowej stolicy Polski Miłość w Zakopanem
91%
Cleo & Donatan Polacy, Czesi, Rosjanie, i inni... My Słowianie
89%
Zakopower Wyprawa bez butów i skarpet Pójdę boso
82%
Akcent Narząd wzroku w kolorze nadziei Przez twe oczy zielone
79%
Kombii Dziadkowie, rodzice, dzieci, wnuki... Pokolenie
78%
Pectus Stolica Katalonii Barcelona
77%
BRAThANKI Na kobiecej szyi Czerwone korale
75%
Czadoman Wygibasy "wiewióry" na parkiecie Ruda tańczy jak szalona
71%
Kasia Kowalska Podstawowe przyprawy Pieprz i Sól
61%
Golec uOrkiestra Przyrząd optyczny Lornetka
50%
Kult Młodych ni ma, chata wolna Gdy nie ma dzieci
46%
Izabela Trojanowska Pragnienia całego dnia Wszystko, czego dziś chcę
40%
F. Andrzejczak i Budka Suflera Pytanie dziewczyny o wspomnienia Jolka, Jolka, pamiętasz
36%
Enej Czasem bywa słodkie, czasem gorzkie Tak smakuje życie
35%
Dwa Plus Jeden Szybciej niż Led Zeppelin Windą do nieba
29%
Lady Pank 2 połówka na czarną godzinę Kryzysowa narzeczona
23%
Zero Impreza w taborze Bania u Cygana
18%
Bajm Nie zawsze są spójne Myśli i słowa
18%
Elektryczne Gitary Pewnie nic, bo głosu nie ma... Co powie ryba?
17%
Maryla Rodowicz Rozważania w jesiennej depresji Remedium
11%
Bracia Figo Fagot "Górski" trunek w aluminium Harnaś z puchy
4%
Nie znaleziono quizów pasujących do podanych kryteriów
Rozkład punktacji
Procent ludzi z każdym wynikiem
Percentyl według liczby udzielonych odpowiedzi
Twoja historia wyników
Nie rozwiązałeś tego quizu